00749nam a2200181 a 4500003000200000005001700002008004100019050002900060100002700089245012600116260009200242300004000334504004100374650004700415650004500462650003700507650002300544020250410131237.0970101s19uu xx 00 eng d aPGS HQ 777.5b.R457 2004 aReyes, Audrey Rence C. aEffects of having separated parents on students of Southville International School and Colleges /cReyes, Audrey Rence C. aLas Piñas City, Philippines : bSouthville International School and Colleges,c2004. a21 pages :billustrations ;c28 cm. aIncludes bibliographical references. aChildren of divorced parentsvPsychology.  a Divorced parentsvFamily relationships. aCoping (Psychology) in children. aChild development.